Normal view
MARC view
- المغرب العربي - تاريخ - الموحدون 1130-1269 - المهدي ابن تومرت 485-524 هجري
Entry Topical Term
001 - CONTROL NUMBER
- control field: 52472
003 - CONTROL NUMBER IDENTIFIER
- control field: JO-AjAnu
005 - DATE AND TIME OF LATEST TRANSACTION
- control field: 20230606082626.0
008 - FIXED-LENGTH DATA ELEMENTS
- fixed length control field: 230606|| aca||aabn | a|a d
040 ## - CATALOGING SOURCE
- Original cataloging agency: JO-AjAnu
- Transcribing agency: JO-AjAnu
150 ## - HEADING--TOPICAL TERM
- Topical term or geographic name entry element: المغرب العربي - تاريخ - الموحدون 1130-1269 - المهدي ابن تومرت 485-524 هجري
670 ## - SOURCE DATA FOUND
- Source citation: Work cat.: (JO-AjAnu)26813: النجار، عبد المجيد, author 52471, تجربة الإصلاح في حركة المهدي بن تومرت: الحركة الموحدية بالمغرب أوائل القرن السادس الهجري